Christmas: A to Z - Statistics

General Stats
  • This quiz has been taken 305 times
  • The average score is 13 of 26
Answer Stats
Hint Answer % Correct
B "Jingle ____...", "Sliegh ____ ring, are you listening...", "I heard the ____ on Christmas Day." Bells
99%
A Heavenly messenger found atop many a tree. Angel
95%
E Holiday drink high in lactose. Often served with booze mixed in. Eggnog
90%
N Russian ballet by Pytor Ilyich Tchaikovsky frequently performed at Christmas time. Nutcracker Suite
78%
D First reindeer mentioned in "The Night Before Christmas". Dasher
77%
M Trough turned into a make-do crib for the newborn messiah. Manger
69%
F One of the gifts the three Wise Men brought baby Jesus. Frankincense
68%
J Tends to nip at your nose in winter. Jack Frost
67%
X Slang shorthand for the holiday. X-Mas
65%
U "It Came ____ A Midnight Clear." Upon
61%
T Diminutive, sickly child of Bob Cratchet. Tiny Tim
55%
W Bestselling Christmas song by Irving Berlin. White Christmas
54%
K One of many monikers that Santa goes by. He used this one in "Miracle on 34th Street." Kris Kringle
50%
Q "With a little old driver so lively and _____, I knew in a moment it must be St. Nick." Quick
50%
Y Norwegian equivilent of Christmas. Yule
47%
I Beloved Christmas movie starring Jimmy Stewart as George Baily. It's a Wonderful Life
44%
L Song about a young percussionist who traveled with the Magi to see the Baby Jesus. Little Drummer Boy.
43%
P Foul paired with fruit bearing flora given to you by your true love, first of many gifts. Partridge in a Pear Tree
35%
R Originally was a storybook given out at Montgomery Ward, then a Gene Autrey song then a beloved Christmas special. Rudolph the Red Nosed Reindeer
34%
G Traditional English folk melody that was repurposed for the song "What Child Is This?" Greensleeves
20%
V "Yes ________, there is a Santa Claus." Virginia
17%
C Another name for a nativity scene. Creche
12%
Z Jack Skellington's failthful companion who leads his team of reindeer skeletons. Zero
11%
H Collectable holiday toy sold by a now defunct gas station chain (they still sell the trucks online though). Hess Truck
10%
O Sneaky radio show sponsor in "A Christmas Story". Ovaltine
10%
S Dutch equivelent of Santa Claus Sinterklass
8%
No matching quizzes found
Score Distribution
Percent of People with Each Score
Percentile by Number Answered
Your Score History
You have not taken this quiz